[Event "FIDE.COM Trophy Cup"]
[Site "Moscow RUS"]
[Date "2001.03.26"]
[Round "1"]
[White "Khalifman,A"]
[Black "Short,N"]
[Result "1/2-1/2"]
[WhiteElo "2690"]
[BlackElo "2676"]

1.e4 e5 2.Nf3 Nc6 3.Bb5 a6 4.Ba4 d6 5.c3 g6 6.d4 Bd7 7.O-O Bg7 8.d5 Nce7
9.Bxd7+ Qxd7 10.c4 h6 11.Nc3 f5 12.Ne1 Nf6 13.f3 O-O 14.Nd3 g5 15.Bd2 Ng6
16.Nf2 f4 17.b4 Rf7 18.c5 Bf8 19.Na4 Re8 20.Rc1 h5 21.c6 Qc8 22.cxb7 Qxb7
23.Qe2 Rg7 24.Rc6 Ra8 25.Rfc1 Nh4 26.h3 g4 27.fxg4 hxg4 28.Nxg4 Nxg4 29.hxg4 Qb5
30.Qd1 Be7 31.Be1 Rf8 32.Nc3 Qxb4 33.Rb1 Qd4+ 34.Qxd4 exd4 35.Ne2 Nxg2 36.Kxg2 f3+
37.Kf1 fxe2+ 38.Kxe2 Rxg4 39.Rxc7 Bg5 40.Kd3 Rf3+ 41.Kc4 Rxe4 42.Rb8+ Rf8
43.Rxf8+ Kxf8 44.Bf2 Re2 45.Bxd4 Rc2+ 46.Bc3 Rxa2 47.Kb3 Re2 48.Rc6  1/2-1/2

[Event "FIDE.COM Trophy Cup"]
[Site "Moscow RUS"]
[Date "2001.03.26"]
[Round "3"]
[White "Khalifman,A"]
[Black "Short,N"]
[Result "0-1"]
[WhiteElo "2690"]
[BlackElo "2676"]

1.e4 e6 2.d4 d5 3.e5 b6 4.c3 Qd7 5.Nd2 c5 6.Ndf3 Ba6 7.Ne2 Nc6 8.h4 O-O-O
9.a3 f6 10.b4 fxe5 11.dxe5 Nh6 12.Bg5 Re8 13.bxc5 Bxc5 14.Ned4 Bxf1 15.Kxf1 Rhf8
16.Bxh6 gxh6 17.Qe2 Na5 18.Nd2 Kb8 19.g3 Rc8 20.Kg2 Rfe8 21.N4b3 Nxb3 22.Nxb3 Qa4
23.Nxc5 Rxc5 24.Qe3 h5 25.Rhc1 Rec8 26.Qg5 Qe4+ 27.Kg1 Qg6 28.Qe3 Rc4 29.Rab1 Re4
30.Qd2 Rxh4 31.Rb4 Rhc4 32.a4 h4 33.Kh2 hxg3+ 34.fxg3 Rg8 35.Rg1 Rxb4 36.cxb4 Qh5+
37.Kg2 Qxe5 38.Qd3 Rg4 39.Rf1 Qe4+ 40.Qxe4 Rxe4 41.Rh1 Rxb4 42.Rxh7 Rxa4
43.Kf3 e5 44.g4 e4+ 45.Kg3 Ra3+ 46.Kf4 Rf3+ 47.Ke5 Rg3 48.Kxd5 Rxg4  0-1

[Event "Rapidplay"]
[Site "Liepaja LAT"]
[Date "2001.08.03"]
[Round "6"]
[White "Khalifman,A"]
[Black "Magem Badals,J"]
[Result "1/2-1/2"]
[WhiteElo "2700"]
[BlackElo "2513"]

1.d4 d5 2.c4 dxc4 3.e4 Nf6 4.e5 Nd5 5.Bxc4 Nb6 6.Bd3 Nc6 7.Ne2 Bg4 8.f3 Be6
9.Nbc3 Bc4 10.Bxc4 Nxc4 11.Qb3 Nb6 12.e6 fxe6 13.Qxe6 Qd7 14.Qxd7+ Kxd7 15.O-O  1/2-1/2

[Event "Rapidplay"]
[Site "Liepaja LAT"]
[Date "2001.08.03"]
[Round "7"]
[White "Sadvakasov,D"]
[Black "Khalifman,A"]
[Result "1/2-1/2"]
[WhiteElo "2568"]
[BlackElo "2700"]

1.e4 c5 2.Nf3 e6 3.g3 d5 4.exd5 exd5 5.Bg2 Nf6 6.O-O Be7 7.d4 O-O 8.Nc3 Nc6
9.Be3 Bg4 10.h3 cxd4 11.Bxd4 Be6 12.Re1 h6 13.Ne2 Bd6 14.Bxf6 Qxf6 15.Ned4 Bc5
16.c3 Rad8 17.Qd3 Bb6 18.Re2 Bd7 19.Rae1 Rfe8 20.Rxe8+ Rxe8 21.Rxe8+ Bxe8
22.Nf5 Ne5 23.Qxd5 Qxf5 24.Qxe5 Qxe5 25.Nxe5 Bc7 26.Nd3 Bb5 27.Nb4 a5 28.Nd5 Bd6
29.Ne3 b6 30.Nd5 Bc5 31.a3 a4 32.Nb4 f5  1/2-1/2

[Event "Rapidplay"]
[Site "Liepaja LAT"]
[Date "2001.08.04"]
[Round "8"]
[White "Khalifman,A"]
[Black "Adianto,U"]
[Result "1/2-1/2"]
[WhiteElo "2700"]
[BlackElo "2598"]

1.Nf3 Nf6 2.c4 c6 3.d4 d5 4.Nc3 dxc4 5.a4 Bg4 6.Ne5 Bc8 7.e3 g6 8.Bxc4 Bg7
9.O-O O-O 10.h3 c5 11.Nf3 cxd4 12.exd4 Nbd7 13.a5 b5 14.axb6 Nxb6 15.Ba2 Qd6
16.Ne5 Nfd5 17.Qf3 Be6 18.Ne4 Qc7 19.Nc5 Rfe8 20.Bd2 Bxe5 21.dxe5 Qxe5 22.Nxe6 Qxe6
23.b4 Rac8 24.Bxd5 Qxd5 25.Qxd5 Nxd5 26.Rxa7 Kg7 27.Rc1  1/2-1/2

[Event "Rapidplay"]
[Site "Liepaja LAT"]
[Date "2001.08.04"]
[Round "9"]
[White "Shabalov,A"]
[Black "Khalifman,A"]
[Result "1/2-1/2"]
[WhiteElo "2574"]
[BlackElo "2700"]

1.e4 e5 2.Nf3 Nc6 3.d4 exd4 4.Nxd4 Bc5 5.Nb3 Bb4+ 6.N1d2 Nf6 7.Bd3 O-O 8.O-O d5
9.exd5 Qxd5 10.Nc4 Be6 11.Bf4 Rac8 12.Ne3 Qh5 13.c3  1/2-1/2

[Event "Rapidplay"]
[Site "Liepaja LAT"]
[Date "2001.08.04"]
[Round "10"]
[White "Khalifman,A"]
[Black "Wojtkiewicz,A"]
[Result "1/2-1/2"]
[WhiteElo "2700"]
[BlackElo "2568"]

1.d4 Nf6 2.c4 g6 3.Nc3 Bg7 4.e4 O-O 5.Nf3 c6 6.Bd3 d6 7.h3 e5 8.d5 Nh5 9.Bg5 f6
10.Be3 f5 11.exf5 gxf5 12.g4 Nf4 13.Bxf4 exf4 14.Bxf5 Bxf5 15.gxf5 Qf6 16.Qe2 Qxf5
17.O-O-O Na6 18.Qe6+ Qxe6 19.dxe6 Nc5 20.Rxd6 Rad8 21.Rxd8 Rxd8 22.Kc2 Bxc3
23.bxc3  1/2-1/2

[Event "Rapidplay"]
[Site "Liepaja LAT"]
[Date "2001.08.04"]
[Round "11"]
[White "Ehlvest,J"]
[Black "Khalifman,A"]
[Result "1/2-1/2"]
[WhiteElo "2627"]
[BlackElo "2700"]

1.d4 Nf6 2.Nf3 d5 3.c4 e6 4.Nc3 Be7 5.Bg5 h6 6.Bxf6 Bxf6 7.e3 O-O 8.Rc1 c6
9.Bd3 Nd7 10.O-O dxc4 11.Bxc4 e5 12.Ne4 exd4 13.Nxf6+ Nxf6 14.Qxd4 Bg4  1/2-1/2

[Event "CHN-RUS Rapid Match"]
[Site "Beijing CHN"]
[Date "2001.09.05"]
[Round "1"]
[White "Ye Jiangchuan"]
[Black "Khalifman,A"]
[Result "1-0"]
[WhiteElo "2677"]
[BlackElo "2700"]

1.e4 c5 2.Nf3 e6 3.d4 cxd4 4.Nxd4 Nf6 5.Nc3 Nc6 6.Nxc6 bxc6 7.e5 Nd5 8.Ne4 Bb7
9.Bd3 Nb4 10.O-O c5 11.Re1 Nxd3 12.Qxd3 Qc7 13.Qg3 Bxe4 14.Rxe4 f5 15.Re2 Kf7
16.Bf4 Be7 17.h4 c4 18.Rd1 Rab8 19.b3 Rhd8 20.Red2 cxb3 21.axb3 Rb4 22.c4 a5
23.Bg5 Bxg5 24.Qxg5 Rxb3 25.Qh5+ Kf8 26.Qxh7 Qxe5 27.Qh5 Rb2 28.Rd3 Qe2 29.Qh8+  1-0

[Event "CHN-RUS Rapid Match"]
[Site "Beijing CHN"]
[Date "2001.09.05"]
[Round "2"]
[White "Khalifman,A"]
[Black "Ye Jiangchuan"]
[Result "1-0"]
[WhiteElo "2700"]
[BlackElo "2677"]

1.e4 c5 2.Nf3 e6 3.d4 cxd4 4.Nxd4 a6 5.Bd3 g6 6.c4 Bg7 7.Nb3 Nc6 8.Nc3 Nge7
9.O-O O-O 10.Bg5 h6 11.Bh4 g5 12.Bg3 Ne5 13.Re1 d6 14.Bf1 f5 15.exf5 exf5
16.f4 gxf4 17.Bxf4 N7g6 18.Qd2 Nxf4 19.Qxf4 Ng6 20.Qf3 f4 21.Rad1 Nh4 22.Qd5+ Kh8
23.Qxd6 Qg5 24.Ne4 Qh5 25.Rd5 Qf7 26.Nf2 f3 27.g3 Nf5 28.Qf4 Be6 29.Rd2 Rac8
30.Qxf3 Bxc4 31.Bxc4 Qxc4 32.Rc1 Qe6 33.Rxc8 Qxc8 34.Qd5 Ne3 35.Qd3 Ng4 36.Nxg4 Qxg4
37.Nc5 Qb4 38.Nd7 Re8 39.b3 Qe7 40.Kg2 Rd8 41.Qd5 b5 42.Qf5 b4 43.Kh3 a5
44.Ne5 Bxe5 45.Rxd8+ Qxd8 46.Qxe5+ Kh7 47.g4 Qd3+ 48.Kh4 Kg6 49.Qxa5 Qd2
50.Qf5+ Kg7 51.Qe5+ Kg6 52.Kg3 Qc3+ 53.Kf4 Qd2+ 54.Kf3 Qxa2 55.Qd6+ Kg7 56.Qe7+ Kg6
57.Qe4+ Kg7 58.Qxb4 Qxh2 59.Qe7+ Kg6 60.Qe4+ Kg7 61.Qd4+ Kg6 62.b4 Qh1+ 63.Kf4 Qf1+
64.Ke5 Kg5 65.Kd6 Qf8+ 66.Kc7 Qe7+ 67.Kb6 Qe6+ 68.Ka5 Qa2+ 69.Kb5 Qe2+ 70.Kc5 Qe7+
71.Kd5 Qf7+ 72.Kc6 Qe6+ 73.Kc7 Qe7+ 74.Kc8 Qe6+ 75.Kd8 Qg8+ 76.Ke7 Qh7+ 77.Kf8 Qb7
78.Qg7+  1-0

[Event "CHN-RUS Summit Men"]
[Site "Shanghai CHN"]
[Date "2001.09.12"]
[Round "6"]
[White "Khalifman,A"]
[Black "Peng Xiaomin"]
[Result "1-0"]
[WhiteElo "2700"]
[BlackElo "2629"]

1.Nf3 Nf6 2.c4 g6 3.Nc3 Bg7 4.e4 d6 5.d4 O-O 6.Be2 e5 7.O-O Nc6 8.d5 Ne7
9.b4 Nh5 10.Re1 f5 11.Ng5 Nf6 12.f3 Ne8 13.c5 a5 14.cxd6 Qxd6 15.Nb5 Qb6+
16.Kh1 Nd6 17.bxa5 Rxa5 18.Nxd6 cxd6 19.Bd2 Ra8 20.Rb1 Qa7 21.Bc4 Bd7 22.Be3 Qb8
23.Ne6 Rc8 24.Qd3 f4 25.Bg1 Ra4 26.Bb5 Bxb5 27.Qxb5 Rxa2 28.Qd7 Bf6 29.Rxb7 Qa8
30.Nxf4 Bh4 31.Nd3 Qa3 32.Qe6+  1-0

[Event "Keres Mem Rapid"]
[Site "Tallinn EST"]
[Date "2002.01.05"]
[Round "1"]
[White "Khalifman,A"]
[Black "Rytshagov,M"]
[Result "1/2-1/2"]
[WhiteElo "2688"]
[BlackElo "2513"]

1.d4 d5 2.c4 c6 3.Nf3 Nf6 4.Nc3 dxc4 5.a4 Bf5 6.e3 e6 7.Bxc4 Bb4 8.O-O O-O
9.Nh4 Nbd7 10.h3 Qa5 11.Qb3 Nb6 12.Be2 Rad8 13.Rd1 Ne4 14.Nxf5 exf5 15.Na2 Bd6
16.f3 Ng3 17.Bd3 Qxa4 18.Qxa4 Nxa4 19.Nc3 Nxc3 20.bxc3 Bb8 21.Bd2 Rfe8 22.Kf2  1/2-1/2

[Event "Keres Mem Rapid"]
[Site "Tallinn EST"]
[Date "2002.01.05"]
[Round "3"]
[White "Gavrikov,Vi"]
[Black "Khalifman,A"]
[Result "1/2-1/2"]
[WhiteElo "2578"]
[BlackElo "2688"]

1.Nf3 Nf6 2.c4 c6 3.d4 d5 4.e3 Bf5 5.Nc3 e6 6.Nh4 Bg6 7.Be2 Nbd7 8.O-O Bd6
9.g3 O-O 10.Bd2 Re8 11.Rc1 a6 12.Nxg6 hxg6 13.f3 e5 14.cxd5 cxd5 15.Qb3 exd4
16.exd4  1/2-1/2

[Event "Keres Mem Rapid"]
[Site "Tallinn EST"]
[Date "2002.01.06"]
[Round "6"]
[White "Khalifman,A"]
[Black "Lautier,J"]
[Result "1/2-1/2"]
[WhiteElo "2688"]
[BlackElo "2687"]

1.d4 d5 2.c4 dxc4 3.Nf3 a6 4.e3 e6 5.Bxc4 c5 6.O-O Nf6 7.Bb3 b5 8.a4 b4 9.e4 cxd4
10.e5 Ne4 11.Nxd4 Bb7 12.Be3 Nd7 13.Nd2 Nxd2 14.Qxd2 Qa5 15.f4 Nc5 16.Bc4 g6
17.f5 gxf5 18.Nxf5 Rg8 19.Ng3 Rd8 20.Qf2 Rd7 21.Rad1 Rg7 22.Bh6 Rxd1 23.Rxd1 Rg6
24.Bxf8 Kxf8 25.Qd4 Qc7 26.Bf1 Qb6 27.a5 Qxa5 28.Qd6+ Kg7 29.Nh5+ Kh6 30.Qd2+ Rg5
31.h4 Ne4 32.hxg5+ Kxh5 33.Qf4 Qc5+ 34.Kh2 Qf2 35.Qxf2 Nxf2 36.Rd7 Bd5 37.Rxf7 Ng4+
38.Kg3 Kg6 39.Re7 Nxe5 40.Bxa6 Kxg5 41.Bb7 Bxb7 42.Rxb7 Nd3 43.Rb5+ e5 44.b3 Kf5
45.Kf3 h5 46.Ke3 Ne1 47.g3 Nc2+ 48.Kd2 Nd4 49.Rxb4 Ke4 50.Rb8 Kf3 51.b4 e4
52.Rf8+ Kxg3 53.Kc3 Nf3 54.b5 e3 55.Kd3 e2 56.Kxe2 Nd4+ 57.Kd3 Nxb5 58.Rf5 Nd6
59.Rxh5 Kg4 60.Rd5 Nf5 61.Ke4 Ng3+  1/2-1/2

[Event "Corus"]
[Site "Wijk aan Zee NED"]
[Date "2002.01.15"]
[Round "3"]
[White "Khalifman,A"]
[Black "Lautier,J"]
[Result "1/2-1/2"]
[WhiteElo "2688"]
[BlackElo "2687"]

1.e4 c5 2.Nf3 Nc6 3.Bb5 Nf6 4.Nc3 g6 5.e5 Ng4 6.Bxc6 dxc6 7.h3 Nh6 8.g4 f5
9.g5 Nf7 10.d3 Be6 11.Qe2 Bg7 12.h4 Bd5 13.Nxd5 Qxd5 14.c4 Qe6 15.Bf4 h6
16.O-O-O Rd8 17.Kc2 Kf8 18.Rhg1 hxg5 19.Bxg5 Bh6 20.Bxh6+ Rxh6 21.d4 b6 22.dxc5 Rxd1
23.Rxd1 bxc5 24.b3 f4 25.Qe4 Rh5 26.Qxf4 Qf5+ 27.Qxf5 Rxf5 28.Rd3 Ke8 29.Kd2 Nxe5
30.Nxe5 Rxe5 31.Re3 Rf5 32.Ke2 Kf7 33.Rd3 Ke8 34.Rf3 Rh5 35.Rf4 Re5+ 36.Kf3 Re1
37.Re4 Ra1 38.Re6 Rxa2 39.Rxg6 Rb2 40.Rxc6 Rxb3+ 41.Kg4 a5 42.Rxc5 a4 43.f4  1/2-1/2

[Event "Corus"]
[Site "Wijk aan Zee NED"]
[Date "2002.01.16"]
[Round "4"]
[White "Kasimdzhanov,R"]
[Black "Khalifman,A"]
[Result "0-1"]
[WhiteElo "2695"]
[BlackElo "2688"]

1.d4 Nf6 2.c4 g6 3.Nc3 d5 4.Nf3 Bg7 5.Qb3 dxc4 6.Qxc4 O-O 7.e4 a6 8.Qb3 b5
9.e5 Nfd7 10.h4 c5 11.e6 c4 12.Qd1 Nb6 13.exf7+ Rxf7 14.h5 Nc6 15.hxg6 hxg6
16.Be3 Bf5 17.Ng5 Rf6 18.g4 Be6 19.Nce4 Bd5 20.f3 e5 21.dxe5 Nxe5 22.Be2 Bxe4
23.Nxe4 Re6 24.g5 Qc7 25.Qc2 Rd8 26.Rd1 Nd5 27.Qc1 Ng4 28.Bf4 Qb6  0-1

[Event "Corus"]
[Site "Wijk aan Zee NED"]
[Date "2002.01.21"]
[Round "8"]
[White "Gurevich,M"]
[Black "Khalifman,A"]
[Result "1/2-1/2"]
[WhiteElo "2641"]
[BlackElo "2688"]

1.c4 Nf6 2.Nc3 e5 3.Nf3 Nc6 4.a3 d5 5.cxd5 Nxd5 6.Qc2 Be7 7.e3 O-O 8.Nxd5 Qxd5
9.Bc4 Qd6 10.b4 a6 11.Bb2 Be6 12.O-O Bf6 13.Bd3 h6 14.Bh7+ Kh8 15.Be4 Bd5
16.Bc3 Rfe8 17.Bxd5 Qxd5 18.d3 Rad8 19.Rfd1 Rd7 20.e4 Qe6 21.Rab1 Red8 22.h3 Ne7
23.Kh2 Ng6 24.g3 h5 25.Ba1 c6  1/2-1/2

[Event "Corus"]
[Site "Wijk aan Zee NED"]
[Date "2002.01.22"]
[Round "9"]
[White "Khalifman,A"]
[Black "Leko,P"]
[Result "1/2-1/2"]
[WhiteElo "2688"]
[BlackElo "2713"]

1.d4 Nf6 2.c4 e6 3.Nf3 b6 4.g3 Ba6 5.Qa4 Bb7 6.Bg2 c5 7.dxc5 Bxc5 8.O-O O-O
9.Nc3 Be7 10.Bf4 Na6 11.Rfd1 Nc5 12.Qc2 Qc8 13.Rd4 d5 14.Rc1 Nce4 15.Nxe4 dxe4
16.Ne5 h6 17.Qc3 Rd8 18.Rcd1 Rxd4 19.Rxd4 Qe8 20.h3  1/2-1/2

[Event "Corus"]
[Site "Wijk aan Zee NED"]
[Date "2002.01.25"]
[Round "11"]
[White "Khalifman,A"]
[Black "Bareev,E"]
[Result "1-0"]
[WhiteElo "2688"]
[BlackElo "2707"]

1.e4 e6 2.d4 d5 3.Nc3 dxe4 4.Nxe4 Nd7 5.Bd3 Ngf6 6.Qe2 c5 7.Nxf6+ Nxf6 8.dxc5 Bxc5
9.Bd2 O-O 10.O-O-O Qd5 11.Kb1 Qxg2 12.Nf3 Qxf2 13.Qe5 Be7 14.Rdf1 Qc5 15.Qg3 Nh5
16.Qh3 g6 17.Rhg1 Nf4 18.Bxf4 e5 19.Qh6 exf4 20.Rg5  1-0

[Event "Corus"]
[Site "Wijk aan Zee NED"]
[Date "2002.01.27"]
[Round "13"]
[White "Khalifman,A"]
[Black "Gelfand,B"]
[Result "1/2-1/2"]
[WhiteElo "2688"]
[BlackElo "2703"]

1.e4 c5 2.Nf3 d6 3.d4 cxd4 4.Nxd4 Nf6 5.Nc3 a6 6.Be3 e6 7.f3 b5 8.g4 h6 9.Qd2 Nbd7
10.O-O-O Bb7 11.h4 b4 12.Na4 Qa5 13.b3 Nc5 14.a3 Rc8 15.axb4 Nxb3+ 16.Nxb3 Qxa4
17.Kb2 d5 18.c3 dxe4 19.Ra1 Qd7 20.Qxd7+ Kxd7 21.Rd1+ Kc7 22.Bf4+ Kb6 23.Be3+  1/2-1/2

[Event "FIDE GP"]
[Site "Dubai UAE"]
[Date "2002.04.04"]
[Round "2.2"]
[White "Topalov,V"]
[Black "Khalifman,A"]
[Result "1/2-1/2"]
[WhiteElo "2739"]
[BlackElo "2688"]

1.Nf3 d6 2.d4 Nf6 3.c4 Nbd7 4.Nc3 e5 5.e4 c6 6.Be2 Be7 7.O-O a6 8.Qc2 O-O
9.Rd1 Qc7 10.Bg5 Re8 11.Rac1 Nf8 12.h3 Ng6 13.a3 Nh5 14.Be3 Nhf4 15.Bf1 h6
16.dxe5 dxe5 17.Na4 Be6 18.Kh2 Rac8 19.g3 Nh5 20.Nc5 Bxc5 21.Bxc5 Rcd8 22.Qb3 b5
23.Rxd8 Qxd8 24.Rd1 Qc8 25.Qe3 bxc4 26.Nd2 Rd8 27.Rc1 Qb8 28.Nxc4 Bxc4 29.Bxc4 Qxb2
30.Qc3 Qxc3 31.Rxc3 Nf6 32.Bd3 Rb8 33.Bb4 Rd8 34.Kg2  1/2-1/2

[Event "FIDE GP"]
[Site "Dubai UAE"]
[Date "2002.04.05"]
[Round "3.2"]
[White "Lautier,J"]
[Black "Khalifman,A"]
[Result "0-1"]
[WhiteElo "2687"]
[BlackElo "2688"]

1.d4 Nf6 2.c4 e6 3.Nf3 c5 4.d5 d6 5.Nc3 exd5 6.cxd5 g6 7.h3 a6 8.a4 Qe7 9.Bg5 Bg7
10.e3 h6 11.Bh4 O-O 12.Be2 Bf5 13.Nd2 g5 14.Bg3 Nbd7 15.Nc4 Ne8 16.Bg4 Bxg4
17.hxg4 Ndf6 18.f3 Nd7 19.Ne4 f5 20.gxf5 Rxf5 21.Nexd6 Nxd6 22.Bxd6 Qf7 23.e4 Re8
24.Ne3 Bxb2 25.Nxf5 Qxf5 26.Rxh6 Nf6 27.g4 Nxg4 28.Re6 Rxe6 29.dxe6 Qxe6
30.Qd5 Qxd5 31.exd5 Bxa1 32.fxg4 c4 33.Be7 Kf7 34.Bxg5 b5 35.axb5 axb5 36.Kd1 b4
37.Bd2 b3 38.g5 Be5 39.Kc1 c3 40.Be3 Kg6 41.Kb1 Kf5 42.g6 Kxg6  0-1

[Event "FIDE GP"]
[Site "Moscow RUS"]
[Date "2002.06.03"]
[Round "3.1"]
[White "Khalifman,A"]
[Black "Bareev,E"]
[Result "1/2-1/2"]
[WhiteElo "2698"]
[BlackElo "2724"]

1.e4 c6 2.d4 d5 3.Nc3 dxe4 4.Nxe4 Bf5 5.Ng3 Bg6 6.h4 h6 7.Nf3 Nd7 8.h5 Bh7
9.Bd3 Bxd3 10.Qxd3 Ngf6 11.Bf4 e6 12.O-O-O Be7 13.Kb1 O-O 14.c4 Qa5 15.Ne5 Rad8
16.Qe2 Rfe8 17.Ne4 Nxe4 18.Qxe4 Nxe5 19.Bxe5 Bd6 20.Qf4  1/2-1/2

[Event "FIDE GP"]
[Site "Moscow RUS"]
[Date "2002.06.05"]
[Round "5.2"]
[White "Beliavsky,A"]
[Black "Khalifman,A"]
[Result "1/2-1/2"]
[WhiteElo "2661"]
[BlackElo "2698"]

1.Nf3 d5 2.d4 Nf6 3.c4 c6 4.Nc3 a6 5.cxd5 cxd5 6.Bg5 Ne4 7.Bh4 Qa5 8.Qb3 e6
9.e3 Bb4 10.Rc1 Bd7 11.a3 Bxc3+ 12.bxc3 Bb5 13.Ne5 Nc6 14.Nd3 O-O 15.f3 Nd6
16.Nc5 b6 17.Bg3 Bxf1 18.Rxf1 Nc4 19.Nb7 Qb5 20.Qxb5 axb5 21.e4  1/2-1/2

[Event "ECC"]
[Site "Halkidiki GRE"]
[Date "2002.09.22"]
[Round "1"]
[White "Khalifman,A"]
[Black "Berndt,S"]
[Result "1-0"]
[WhiteElo "2690"]
[BlackElo "2482"]

1.Nf3 g6 2.e4 c5 3.c4 Bg7 4.d4 cxd4 5.Nxd4 Nc6 6.Be3 Nf6 7.Nc3 d6 8.Be2 O-O
9.O-O Bd7 10.Qd2 Nxd4 11.Bxd4 Bc6 12.f3 a5 13.b3 Nd7 14.Be3 Nc5 15.Rab1 Qb6
16.Rfc1 Rfc8 17.Rc2 Qd8 18.Bf1 Qf8 19.Nd5 Bxd5 20.exd5 Rc7 21.a3 b6 22.Bg5 h6
23.Be3 g5 24.Qf2 Rb7 25.g3 Bf6 26.b4 axb4 27.axb4 Nd7 28.Bh3 Ne5 29.f4 Nd3
30.Qe2 gxf4 31.gxf4 Qg7+ 32.Kh1 Qh7 33.Rg1+ Kh8 34.Qh5 e6 35.Rcg2 Re7 36.dxe6 fxe6
37.Rg6 Bg7 38.Bxe6  1-0

[Event "ECC"]
[Site "Halkidiki GRE"]
[Date "2002.09.27"]
[Round "6"]
[White "Khalifman,A"]
[Black "Grischuk,A"]
[Result "1/2-1/2"]
[WhiteElo "2690"]
[BlackElo "2702"]

1.c4 Nf6 2.Nc3 e5 3.Nf3 Nc6 4.g3 Bb4 5.Bg2 O-O 6.O-O e4 7.Ng5 Bxc3 8.bxc3 Re8
9.f3 e3 10.dxe3 Qe7 11.Nh3 Qc5 12.Nf4 Qxc4 13.e4 d6 14.Qd3 Be6 15.Be3  1/2-1/2

[Event "German Cup Final"]
[Site "Berlin GER"]
[Date "2003.03.23"]
[Round "2"]
[White "Dautov,R"]
[Black "Khalifman,A"]
[Result "1/2-1/2"]
[WhiteElo "2604"]
[BlackElo "2702"]

1.d4 e6 2.c4 Nf6 3.Nf3 d5 4.Nc3 Bb4 5.Bg5 h6 6.Bxf6 Qxf6 7.e3 O-O 8.Rc1 dxc4
9.Bxc4 c5 10.O-O cxd4 11.Nxd4 Bd7 12.a3 Bxc3 13.Rxc3 Nc6 14.Nf3 Rfd8 15.Qc2 Rac8
16.Rc1 Ne5 17.Nxe5 Qxe5 18.Bd3 Rxc3 19.Qxc3 Qxc3 20.Rxc3 Rc8  1/2-1/2

[Event "XII It I"]
[Site "Dos Hermanas ESP"]
[Date "2003.03.29"]
[Round "2"]
[White "Khalifman,A"]
[Black "Rustemov,A"]
[Result "1/2-1/2"]
[WhiteElo "2702"]
[BlackElo "2604"]

1.e4 e6 2.d4 d5 3.Nc3 Bb4 4.e5 c5 5.a3 Bxc3+ 6.bxc3 Qa5 7.Bd2 Qa4 8.Rb1 c4
9.Bc1 Nc6 10.g3 Qa5 11.Ne2 f6 12.Bg2 fxe5 13.dxe5 Nge7 14.f4 Nf5 15.O-O h5
16.Bf3 g6 17.Qe1 b6 18.Qf2 Bd7 19.Ra1  1/2-1/2

[Event "XII It I"]
[Site "Dos Hermanas ESP"]
[Date "2003.04.03"]
[Round "7"]
[White "Vallejo Pons,F"]
[Black "Khalifman,A"]
[Result "1/2-1/2"]
[WhiteElo "2629"]
[BlackElo "2702"]

1.c4 Nf6 2.Nc3 e5 3.e3 d6 4.d4 Nbd7 5.g4 g6 6.h3 Bg7 7.Bg2 O-O 8.Nge2 c6
9.O-O h6 10.Ng3 Re8 11.a4 a5 12.b3 exd4 13.exd4 d5 14.cxd5 Nxd5 15.Nxd5 cxd5
16.Bxd5 Nf8 17.Qf3 Be6 18.Bxb7 Rb8 19.Bf4 Rxb7 20.Qxb7 Bd5 21.Qb5 Ne6 22.Be3 Qa8
23.Rab1 Bc6 24.Qc4 Bg2 25.Rfd1 Bd5 26.Qd3 Qd8 27.Qb5 Nc7 28.Qxa5 Qf6 29.Nf5 gxf5
30.Qxc7 Qh4 31.Qd7 Rd8 32.Qc7  1/2-1/2

[Event "XII It I"]
[Site "Dos Hermanas ESP"]
[Date "2003.04.04"]
[Round "8"]
[White "Khalifman,A"]
[Black "Epishin,V"]
[Result "1/2-1/2"]
[WhiteElo "2702"]
[BlackElo "2626"]

1.d4 Nf6 2.c4 e6 3.Nc3 Bb4 4.Qc2 O-O 5.a3 Bxc3+ 6.Qxc3 b6 7.Bg5 Bb7 8.f3 d5
9.e3 Nbd7 10.cxd5 Nxd5 11.Bxd8 Nxc3 12.Bh4 Nd5 13.Bf2 f5 14.Bb5 c6 15.Bd3 e5
16.Ne2 Rae8 17.O-O exd4 18.exd4 Nb8 19.Nc3 Ba6 20.Bxa6 Nxa6 21.Nxd5 cxd5
22.Rac1  1/2-1/2

[Event "TCh-ESP"]
[Site "Lanzarote ESP"]
[Date "2003.05.10"]
[Round "5"]
[White "Khalifman,A"]
[Black "Illescas Cordoba,M"]
[Result "1/2-1/2"]
[WhiteElo "2702"]
[BlackElo "2599"]

1.d4 d5 2.c4 c6 3.Nf3 Nf6 4.e3 Bf5 5.Nc3 e6 6.Nh4 Bg6 7.Be2 Nbd7 8.Bd2 Bd6
9.Rc1 dxc4 10.Nxg6 hxg6 11.Bxc4 Nb6 12.Bb3 e5 13.dxe5 Bxe5 14.f4 Bc7 15.Qf3 Qe7
16.O-O O-O-O 17.Rf2 Kb8 18.h3 Nbd7 19.Bc2 g5 20.Re1 Rh4 21.Qg3 Nh5 22.Qxg5 Qxg5
23.fxg5 Bg3 24.Rfe2 Ne5 25.Rd1 Nc4 26.Bc1 Rxd1+ 27.Bxd1 g6 28.Bc2 Nd6 29.Bb3 Be5
30.Rc2 Ng3 31.Bd2 Rh5 32.e4 Bd4+ 33.Kh2 Nf1+ 34.Kh1 Ng3+ 35.Kh2 Nf1+ 36.Kh1  1/2-1/2

[Event "TCh-ESP"]
[Site "Lanzarote ESP"]
[Date "2003.05.12"]
[Round "7"]
[White "Khalifman,A"]
[Black "Matamoros Franco,C"]
[Result "1-0"]
[WhiteElo "2702"]
[BlackElo "2472"]

1.d4 Nf6 2.c4 g6 3.Nc3 Bg7 4.e4 d6 5.Nf3 O-O 6.Be2 e5 7.Be3 Na6 8.O-O Ng4
9.Bg5 Qe8 10.dxe5 dxe5 11.h3 h6 12.Bd2 Nf6 13.Be3 Qe7 14.a3 c6 15.b4 Nh5
16.Re1 Nf4 17.Bf1 Qf6 18.Ra2 Rd8 19.Rd2 Be6 20.Bxf4 exf4 21.e5 Qe7 22.Ne4 g5
23.Nd6 c5 24.b5 Nc7 25.Bd3 Ne8 26.Be4 Rd7 27.Nf5 Bxf5 28.Bxf5 Rxd2 29.Qxd2 Rd8
30.Qe2 Nc7 31.h4 gxh4 32.Qe4 Ne6 33.Bxe6 Qxe6 34.Kh2 b6 35.Qxf4 Rd3 36.Qxh4 Rxa3
37.Re4 Rd3 38.Rg4 Qf5 39.Qg3 Kh8 40.Rf4 Qh5+ 41.Qh3 Qxh3+ 42.Kxh3 Kg8 43.Kg4 Ra3
44.Kf5 a6 45.bxa6 Rxa6 46.Nd2 b5 47.cxb5 Rb6 48.Ra4 Rxb5 49.Ra8+ Bf8 50.Rc8 c4
51.Ne4 Kg7 52.Rxc4 Rb7 53.Nf6 Be7 54.Rg4+  1-0

[Event "TCh-RUS"]
[Site "Togliatti RUS"]
[Date "2003.05.17"]
[Round "2"]
[White "Vaganian,R"]
[Black "Khalifman,A"]
[Result "1/2-1/2"]
[WhiteElo "2653"]
[BlackElo "2702"]

1.d4 Nf6 2.c4 e6 3.Nf3 b6 4.e3 Bb7 5.Bd3 d5 6.O-O Bd6 7.cxd5 exd5 8.b4 O-O
9.Qb3 Qe7 10.b5 c5 11.bxc6  1/2-1/2

[Event "TCh-RUS"]
[Site "Togliatti RUS"]
[Date "2003.05.18"]
[Round "3"]
[White "Khalifman,A"]
[Black "Abashev,D"]
[Result "1-0"]
[WhiteElo "2702"]
[BlackElo "2437"]

1.d4 Nf6 2.c4 g6 3.Nc3 Bg7 4.e4 d6 5.Nf3 O-O 6.Be2 e5 7.Be3 Na6 8.O-O Ng4
9.Bg5 Qe8 10.dxe5 dxe5 11.h3 f6 12.Bd2 Nh6 13.c5 c6 14.Bxa6 bxa6 15.Bxh6 Bxh6
16.Qa4 Rf7 17.Rad1 Bf8 18.b4 Qe6 19.Rd3 Bb7 20.Rfd1 Re8 21.Nd2 Ree7 22.Rd6 Qc8
23.Nc4 Rd7 24.Rxd7 Rxd7 25.Nd6 Bxd6 26.cxd6 Qf8 27.Qb3+ Kg7 28.Qe6 Bc8 29.Na4 Qf7
30.Nc5  1-0

[Event "TCh-RUS"]
[Site "Togliatti RUS"]
[Date "2003.05.19"]
[Round "4"]
[White "Yevseev,D"]
[Black "Khalifman,A"]
[Result "0-1"]
[WhiteElo "2580"]
[BlackElo "2702"]

1.d4 d6 2.e4 Nf6 3.f3 g6 4.c4 Bg7 5.Nc3 O-O 6.Nge2 c5 7.d5 a6 8.a4 e6 9.Ng3 exd5
10.cxd5 Nbd7 11.Be2 Ne8 12.O-O Rb8 13.Be3 Nc7 14.f4 b5 15.axb5 Nxb5 16.Bxb5 axb5
17.e5 f5 18.exd6 Qb6 19.Qc2 Qxd6 20.Rfd1 Re8 21.Qf2 b4 22.Na4 Ra8 23.Nf1 Bb7
24.h3 Ra5 25.Ra2 Bxd5 26.b3 Qe6 27.Rad2 Bxb3 28.Rxd7 Bxa4 29.Rxg7+ Kxg7 30.Rc1 Bc6
31.Bxc5 Ra2 32.Rc2 b3 33.Rb2 Qd5  0-1

[Event "TCh-RUS"]
[Site "Togliatti RUS"]
[Date "2003.05.20"]
[Round "5"]
[White "Khalifman,A"]
[Black "Vokarev,S"]
[Result "1-0"]
[WhiteElo "2702"]
[BlackElo "2498"]

1.d4 Nf6 2.c4 g6 3.Nc3 d5 4.Nf3 Bg7 5.Qb3 dxc4 6.Qxc4 O-O 7.e4 Nc6 8.Be2 Bg4
9.d5 Na5 10.Qb4 Bxf3 11.Bxf3 c6 12.O-O Qb6 13.Qa4 Nd7 14.Be3 Qxb2 15.Rfc1 Bxc3
16.Rab1 Nb6 17.Bxb6 axb6 18.Rxb2 Bxb2 19.Rd1 cxd5 20.exd5 Be5 21.Bg4 Bd6
22.Qb5 Rfd8 23.g3 h5 24.Bh3 Bc5 25.Rd3 Rd6 26.Bg2 Rf6 27.Rf3 Rxf3 28.Bxf3 Rd8
29.Kg2 Rd6 30.Be4 e6 31.Bxg6 Kg7 32.dxe6 Rd2 33.Bxf7 Rxf2+ 34.Kh3 h4 35.Qd7 Nc6
36.Qxb7 Ne7 37.Qe4 hxg3 38.Qg4+ Kf6 39.Qh4+ Ke5 40.Qh8+ Ke4 41.Qa8+ Ke3 42.hxg3 Nf5
43.Bg6  1-0

[Event "TCh-RUS"]
[Site "Togliatti RUS"]
[Date "2003.05.22"]
[Round "7"]
[White "Sherbakov,V"]
[Black "Khalifman,A"]
[Result "1/2-1/2"]
[WhiteElo "2446"]
[BlackElo "2702"]

1.d4 g6 2.Nf3 Bg7 3.e4 d6 4.Bc4 c6 5.Nbd2 Nf6 6.e5 Nd5 7.O-O O-O 8.Re1 Bf5
9.c3 Nd7 10.exd6 exd6 11.Nf1 N7f6 12.Ne3 Nxe3 13.Bxe3 Qd7 14.d5 c5 15.a4 Qc7
16.h3 Rfe8 17.Qb3 h6 18.Be2 Be4 19.c4 Bxf3 20.Bxf3 Nd7 21.Qc2 Ne5 22.Be2 Re7
23.Bf1 Rae8 24.Bd2 Nd7 25.Rxe7 Rxe7 26.Re1 Qd8 27.b3 Rxe1 28.Bxe1 Bd4 29.g3 Qg5
30.Kg2 h5 31.h4 Qf6 32.Bd3 Kg7 33.Be4 Ne5 34.Qe2 Qd8 35.Bd2 Ng4 36.Be1 Qf6
37.Bf3 Ne5 38.Bd2 Qf5 39.Be4 Qd7 40.Bc2 Ng4 41.Be1 Qd8 42.Be4 b6 43.Bf3 Ne5
44.Bd2 Nxf3 45.Qxf3 Be5 46.Qe4 Qd7 47.Bg5 a6 48.Be3 Qd8 49.Bg5 Qb8 50.f4 Bf6  1/2-1/2